Mikroekonomie MIE403 : povinný předmět. 2 /

Hlavní autor: Macáková, Libuše, 1955-
Korporativní autor: Vysoká škola ekonomická v Praze. Podnikohospodářská fakulta
Jazyk: Čeština
Vydáno: Praha : Vysoká škola ekonomická, 2002
Fyzický popis: 1 elektronický optický disk (CD-ROM) ; 12 cm + 1 brožura (12 s.)
Elektronické zdroje
Uloženo v:
LEADER 00981nmm a2200217 a 4500
001 000649127
003 CZ BrMZK
005 20110701092242.0
008 030128s2002 xr f cze d
040 |a BOA001  |b cze 
100 1 |a Macáková, Libuše,  |d 1955-  |7 ola2003201035  |4 aut 
245 1 0 |a Mikroekonomie  |h [elektronický zdroj] :  |b MIE403 : povinný předmět.  |n 2 /  |c Libuše Macáková 
246 3 3 |a MIE403 
260 |a Praha :  |b Vysoká škola ekonomická,  |c 2002 
300 |a 1 elektronický optický disk (CD-ROM) ;  |c 12 cm +  |e 1 brožura (12 s.) 
521 |a Učební pomůcka pro magisterské navazující studium oboru Podniková ekonomika a management v distanční formě 
710 2 |a Vysoká škola ekonomická v Praze.  |b Podnikohospodářská fakulta  |7 kn20010709402 
910 |a BOA001  |b CDR2-1113.045,2 
990 |a CF 
991 |f 330.101.542 MAC 
996 6 |b 2610180240  |c CDR2-1113.045,2  |l Stud. periodik/2.patro  |r Sklad / do 1 hodiny  |n 2  |p p.v.  |w 000649127  |u 000010  |a 1  |e BOA001  |j MZK50  |s P